| 000 | 00614nam a2200193 4500 | ||
|---|---|---|---|
| 001 | 131782 | ||
| 003 | ES-MaACL | ||
| 005 | 20231207063028.0 | ||
| 007 | t| | ||
| 008 | 070214s1961 sp r ||||1| spa d | ||
| 100 | 1 |
_aRof Carballo, Juan, _d1905-1994 _998915 |
|
| 245 | 1 | 0 |
_aUrdimbre afectiva y enfermedad _b: introducción a una medicina dialógica / _cJuan Rof Carballo. |
| 260 |
_aBarcelona : _bLabor, _c1961. |
||
| 300 |
_aXVI, 518 p. : _bil. ; _c22 cm. |
||
| 490 | 1 | _a"Hombre y mundo | |
| 830 | 0 |
_a"Hombre y mundo _9183842 |
|
| 852 |
_aES-MaACL _jC-19596 _bR.47387 |
||
| 999 |
_c131782 _d131782 |
||